Statistics for language quiz

Click here to take the quiz!

General Stats

  • This quiz has been taken 21 times
  • The average score is 5 of 8

Answer Stats

HintAnswer% Correct
يخامپليarabic
100%
exampleenglish
100%
εξαμπλεgreek
71%
ए‍अम्प्लेhindi
71%
יֽאמפּלרhebrew
57%
ехамплеukrainian
57%
եխամպլեarmenian
50%
ᐃᒃᓴᒻᑉᓪinuktitut
21%

Score Distribution

Percentile by Number Answered

Percent of People with Each Score

Your Score History

You have not taken this quiz